| 000 | 01046cam a2200289 a 4500 | ||
|---|---|---|---|
| 999 |
_c755 _d755 |
||
| 001 | 3943821 | ||
| 003 | OSt | ||
| 005 | 20210617064048.0 | ||
| 008 | 931029s1994 mnu b 001 0 eng | ||
| 010 | _a 93039510 | ||
| 020 | _a0800627679 (alk. paper) : | ||
| 040 |
_aDLC _cDLC _dDLC |
||
| 050 | 0 | 0 |
_aBT734.2 _b.H62 1994 |
| 082 | 0 | 0 |
_a261.8/345196 _220 |
| 100 | 1 |
_aHood, Robert E. _q(Robert Earl), _d1936- |
|
| 245 | 1 | 0 |
_aBegrimed and black : _bChristian traditions on Blacks and blackness / _cRobert E. Hood. |
| 260 |
_aMinneapolis, Minn. : _bAugsburg Fortress, _cc1994. |
||
| 300 |
_axv, 198 p. ; _c22 cm. |
||
| 504 | _aIncludes bibliographical references and index. | ||
| 650 | 0 | _aBlacks. | |
| 650 | 0 |
_aRace relations _xReligious aspects _xChristianity. |
|
| 650 | 0 |
_aBlack _xReligious aspects _xChristianity. |
|
| 650 | 0 |
_aBlacks _xFolklore. |
|
| 906 |
_a7 _bcbc _corignew _d1 _eocip _f19 _gy-gencatlg |
||
| 942 |
_2lcc _cBK _nDO |
||